<?xml version="1.0" encoding="UTF-8"?>
<record
    xmlns:xsi="http://www.w3.org/2001/XMLSchema-instance"
    xsi:schemaLocation="http://www.loc.gov/MARC21/slim http://www.loc.gov/standards/marcxml/schema/MARC21slim.xsd"
    xmlns="http://www.loc.gov/MARC21/slim">

  <leader>01175nam a22002297a 4500</leader>
  <controlfield tag="003">OSt</controlfield>
  <controlfield tag="005">20151026133603.0</controlfield>
  <controlfield tag="008">130715s2012    sp ||||| |||| 00| 0 spa d</controlfield>
  <datafield tag="040" ind1=" " ind2=" ">
    <subfield code="c">CDMR</subfield>
  </datafield>
  <datafield tag="100" ind1="1" ind2=" ">
    <subfield code="9">3944</subfield>
    <subfield code="a">Ortiz de Guinea Ayala, Yolanda </subfield>
  </datafield>
  <datafield tag="245" ind1="1" ind2="0">
    <subfield code="a">Sistema digital de producci&#xF3;n televisiva</subfield>
    <subfield code="b">: informaci&#xF3;n y nuevos contenidos (el caso de Telemadrid)</subfield>
    <subfield code="c">Yolanda Ortiz de Guinea Ayala ; directores Emili Pardo Rico, Luis Miguel Mart&#xED;nez Fern&#xE1;ndez</subfield>
    <subfield code="h">[recurs electr&#xF2;nic]</subfield>
  </datafield>
  <datafield tag="260" ind1=" " ind2=" ">
    <subfield code="c">2012</subfield>
    <subfield code="a">Madrid</subfield>
  </datafield>
  <datafield tag="502" ind1=" " ind2=" ">
    <subfield code="a">Tesi doctoral defensada el 17 de desembre de 2012</subfield>
    <subfield code="c">Universidad Complutense de Madrid, Facultad de Ciencias de la Informaci&#xF3;n, Departamento de Periodismo II (Estructura y Tecnolog&#xED;a de la Informaci&#xF3;n)</subfield>
  </datafield>
  <datafield tag="610" ind1="2" ind2=" ">
    <subfield code="9">3945</subfield>
    <subfield code="a">Ente P&#xFA;blico Radio Televisi&#xF3;n Madrid</subfield>
  </datafield>
  <datafield tag="650" ind1="0" ind2="4">
    <subfield code="9">433</subfield>
    <subfield code="a">Televisi&#xF3;</subfield>
    <subfield code="x">Producci&#xF3; i direcci&#xF3;</subfield>
  </datafield>
  <datafield tag="650" ind1="0" ind2="4">
    <subfield code="9">2994</subfield>
    <subfield code="a">Tesis i dissertacions acad&#xE8;miques</subfield>
  </datafield>
  <datafield tag="700" ind1="1" ind2=" ">
    <subfield code="9">1846</subfield>
    <subfield code="a">Prado, Emilio</subfield>
  </datafield>
  <datafield tag="700" ind1="1" ind2=" ">
    <subfield code="9">3946</subfield>
    <subfield code="a">Mart&#xED;nez Fern&#xE1;ndez, Luis Miguel</subfield>
  </datafield>
  <datafield tag="710" ind1="2" ind2=" ">
    <subfield code="9">3910</subfield>
    <subfield code="a">Universidad Complutense de Madrid</subfield>
    <subfield code="b">-- Facultad de Ciencias de la Informaci&#xF3;n</subfield>
  </datafield>
  <datafield tag="856" ind1="4" ind2="0">
    <subfield code="u">http://eprints.ucm.es/19964/</subfield>
    <subfield code="y">Disponible en l&#xED;nia (UCM)</subfield>
  </datafield>
  <datafield tag="942" ind1=" " ind2=" ">
    <subfield code="2">udc</subfield>
    <subfield code="c">TSN-E</subfield>
  </datafield>
  <datafield tag="999" ind1=" " ind2=" ">
    <subfield code="c">6593</subfield>
    <subfield code="d">6593</subfield>
  </datafield>
  <datafield tag="952" ind1=" " ind2=" ">
    <subfield code="0">0</subfield>
    <subfield code="1">0</subfield>
    <subfield code="4">0</subfield>
    <subfield code="7">0</subfield>
    <subfield code="a">CDMR</subfield>
    <subfield code="b">CDMR</subfield>
    <subfield code="d">2013-07-15</subfield>
    <subfield code="l">0</subfield>
    <subfield code="p">CDMR13096910</subfield>
    <subfield code="r">2013-07-15</subfield>
    <subfield code="w">2013-07-15</subfield>
    <subfield code="y">TSN-E</subfield>
    <subfield code="z">Tesi dipositada a E-Prints Complutense</subfield>
  </datafield>
</record>
